| 000 | 00449nam a2200169Ia 4500 | ||
|---|---|---|---|
| 008 | 231217s9999 xx 000 0 und d | ||
| 020 | _a8178670712 | ||
| 041 | _aEnglish | ||
| 082 | _a530.15 ARF;4 | ||
| 100 | _aArfken, George B. Weber, Hans J. | ||
| 245 | 0 | _aMathematical methods for physicists | |
| 250 | _a5th ed. | ||
| 260 |
_c2001 _bAcademic press _aSan Diego |
||
| 300 | _axiv, 1112 | ||
| 650 | _aMathematical,physicists | ||
| 942 | _cAA | ||
| 999 |
_c196863 _d196863 |
||